00922cam a22002177a 4500003000500000005001700005008004100022010001000063011001000073035001000083040000900093100003600102245023800138260004100376300004500417502010500462650004300567650003700610650002700647700003000674CHAP20220329142354.0001010d2000 mx ab r 00110 spa d a82523 a83495 a94008 cCHAP00aRamírez Rodas, Himelda Anany.10aAnálisis de factibilidad técnica y financiera de la instalación de un módulo ecológico de café en el beneficio "Vista Hermosa" del municipio de Jalpan, Pueblac/por Himelda Anany Ramírez Rodas y Zaria Reyes Hernández. aChapingo, Méx. :bEl autor,c2000. a147 h. :bilus., mapas, cuads., gráfs. aTesis (Lic. en Economía Agrícola) -- UACH. División de Ciencias Económico - Administrativas.14aCaféxAspectos económicosxPuebla.14aCaféxSociedades cooperativas.14aEcología agrícola.0 aReyes Hernández, Zaria.